Muslim Shrines in India : (Record no. 64739)

MARC details
000 -LEADER
fixed length control field 00530nam a22001457a 4500
005 - DATE AND TIME OF LATEST TRANSACTION
control field 2012040702532.0
020 ## - INTERNATIONAL STANDARD BOOK NUMBER
International Standard Book Number 0195671775
Terms of availability 295.00
035 ## - SYSTEM CONTROL NUMBER
System control number B-106890
037 ## - SOURCE OF ACQUISITION
Stock number DPL
Source of stock number/acquisition ENG
245 ## - TITLE STATEMENT
Title Muslim Shrines in India :
Remainder of title Their character, history and significance /
Statement of responsibility, etc edited by Christian W. Troll
260 ## - PUBLICATION, DISTRIBUTION, ETC. (IMPRINT)
Place of publication, distribution, etc New Delhi
Name of publisher, distributor, etc Oxford University Press
Date of publication, distribution, etc 2004
300 ## - PHYSICAL DESCRIPTION
Extent xxxii, 327p.
Dimensions 22 cms.
942 ## - ADDED ENTRY ELEMENTS (KOHA)
Source of classification or shelving scheme Dewey Decimal Classification
Item type English Books
Classification part 270
Call number suffix MUS
Holdings
Withdrawn status Lost status Not for loan Collection code Home library Current library Date acquired Cost, normal purchase price Full call number Barcode Cost, replacement price Koha item type
  Lost and Paid For   Non-fiction Sarojini Nagar Sarojini Nagar 07/04/2012 295.00 270 MUS B-106890 295.00 English Books

© Delhi Public Library
Hit Counter
free hit counter